| 000 | 00720nam a22001577a 4500 | ||
|---|---|---|---|
| 003 | OSt | ||
| 005 | 20151216154654.0 | ||
| 008 | 151216b xxu||||| |||| 00| 0 eng d | ||
| 040 | _cRUA | ||
| 082 | _aAED LOR 2005 B219 Or.1 | ||
| 100 |
_94958 _aLORN, MENGHIA. |
||
| 245 | _aThe study on environmental streng thening proogram in samakimeanchey district kompong chhnang provine by LWF organization, សិក្សាពីកម្មវិធីពង្រឹងបរិស្ថាននៅស្រុកសាមគ្គីមានជ័យ ខេត្តកំពង់ឆ្នាំង ដោយអង្គការ LWF | ||
| 260 |
_aPhnom Penh _bRUA _c2005 |
||
| 300 |
_ax; 49p. _bill. _c29c. |
||
| 942 |
_2ddc _cAED |
||
| 999 |
_c4607 _d4607 |
||